Reálna konvergencia SR k EÚ na príklade vybraných ukazovateľoch

Konvergencia je súčasťou vývoja našej ekonomiky od vzniku samostatnej SR a postupne prechádza svojimi etapami. Reálnu konvergenciu je možno sledovať cez niekoľko ukazovateľov. Medzi najčastejšie pouţívané patrí ekonomická výkonnosť krajiny, ktorá je vyjadrená ako hrubý domáci produkt na jedného obyv...

Descrizione completa

Salvato in:
Dettagli Bibliografici
Autore principale: Havettová, Miroslava
Natura: Capitolo di libro
Lingua:slovacco
Soggetti:
Tags: Aggiungi Tag
Nessun Tag, puoi essere il primo ad aggiungerne!!

MARC

LEADER 00000nla$a2200000$$$4500
001 0120305
005 20240502072340.6
041 0 |a slo 
044 |a SK 
245 1 0 |a Reálna konvergencia SR k EÚ na príklade vybraných ukazovateľoch  |c Miroslava Havettová 
520 |a Konvergencia je súčasťou vývoja našej ekonomiky od vzniku samostatnej SR a postupne prechádza svojimi etapami. Reálnu konvergenciu je možno sledovať cez niekoľko ukazovateľov. Medzi najčastejšie pouţívané patrí ekonomická výkonnosť krajiny, ktorá je vyjadrená ako hrubý domáci produkt na jedného obyvateľa v parite kúpnej sily k priemeru EU15. Okrem tohto ukazovateľa sa v praxi využíva porovnávanie mzdovej a cenovej hladiny jednotlivých štátov, podiely vybraných odvetví na tvorbe HDP a tiež váha zamestnanosti v týchto odvetviach na celkovej zamestnanosti. 
610 2 0 |a konvergencia 
610 2 0 |a parita sily kúpnej 
610 2 0 |a produkt domáci hrubý 
610 2 0 |a Slovensko 
610 2 0 |a ukazovatele makroekonomické 
610 2 0 |a miera nezamestnanosti 
100 1 |a Havettová, Miroslava